Central Library OPAC University of Rajshahi
Normal view MARC view

Entry Topical Term

Number of records used in: 3

001 - CONTROL NUMBER

  • control field: 1517

003 - CONTROL NUMBER IDENTIFIER

  • control field: BD-RjUL

005 - DATE AND TIME OF LATEST TRANSACTION

  • control field: 20220222104402.0

008 - FIXED-LENGTH DATA ELEMENTS

  • fixed length control field: 220222|| aca||aabn | a|a d

040 ## - CATALOGING SOURCE

  • Original cataloging agency: BD-RjUL
  • Transcribing agency: BD-RjUL

150 ## - HEADING--TOPICAL TERM

  • Topical term or geographic name entry element: Rohingya (Burmese people)

670 ## - SOURCE DATA FOUND

  • Source citation: Work cat.: (BD-RjUL)79435: করিম, আবদুল 1262, রোহিঙ্গাদের ইতিহাস ও সংস্কৃতির রূপরেখা /, ২০২০